| 000 | 01012aam a2200289 i 4500 | ||
|---|---|---|---|
| 999 |
_c45220 _d45220 |
||
| 001 | 18815 | ||
| 003 | CO-MdFUSB | ||
| 005 | 20190202100324.0 | ||
| 008 | 170814t2012 xxud|||| |||| 00| 0 eng d | ||
| 020 | _a978-1-4335-3162-0 | ||
| 040 |
_aCO-MdFUSB _bspa _cCO-MdFUSB _dCO-MdFUSB _erda |
||
| 041 | _aeng | ||
| 082 | 0 | 4 |
_a24 _2G 220.61 _bUN55u |
| 100 | 1 |
_aGrudem, Wayne (Editor) _eautor |
|
| 245 | 1 | 0 |
_aUnderstanding the big picture of the Bible _b: a guide to reading the Bible well _c/ Editado por Wayne Grudem , C. John Collins , Thomas R. Schreiner |
| 264 | 1 |
_aWheaton, Illinois : _bCrossway, _c℗[2012] |
|
| 264 | 4 | _c©2012 | |
| 300 |
_a159 páginas _c: 21 cm. |
||
| 336 |
_2rdacontent _a1 _ba1 |
||
| 337 |
_2rdamedia _a2 _b5 |
||
| 338 |
_2rdacarrier _a2 _b5 |
||
| 505 | 0 | 2 | _aParte I: Antiguo Testamento -- Parte II: Antecedentes del Nuevo Testamento -- Parte III: Nuevo Testamento -- Parte IV: Líneas de Tiempo |
| 563 | _aRústico | ||
| 650 | 0 |
_aBiblia _916 |
|
| 942 | _cBK | ||